01405cam a22002771 4500001001300000003000400013005001700017008004100034010001700075035001900092040007600111043001200187050002300199100002700222245018500249260009200434300002500526440006100551500001600612501028800628650005600916650006000972650003001032650004101062700002401103hew66000157 DLC20260227111515.0770407s1966 dcu f000 0 eng c ahew66000157  a(OCoLC)2869496 aU. S. Dept. of Health, Education, and Welfare LibrarycDNIEdOCoLCdDLC an-us---00aL111b.A72 no. 7951 aSteinhilber, August W.10aState law relating to transportation and textbooks for parochial school students and constitutional protection of religious freedom /cby August W. Steinhilber, Carl J. Sokolowski. aWashington :bU.S. Dept. of Health, Education, and Welfare, Office of Education,c1966. aiii, 45 p. ;c26 cm. 0aCircular (United States. Office of Education) ;vno. 795 a"OE-20087." aCopy 1 with: Industrial arts education : a survey of programs, teachers, students, and curriculum / by Marshall L. Schmitt and Albert L. Pelley. Washington, D.C. : U.S. Dept. of Health, Education, and Welfare, Office of Education, 1966. Bound together subsequent to publication.5DLC 0aChurch schoolsxLaw and legislationzUnited States. 0aSchool childrenxTransportationzUnited StatesxStates. 0aTextbookszUnited States. 0aChurch and educationzUnited States.1 aSokolowski, Carl J.